| 000 | 00660nam a2200277Ia 4500 | ||
|---|---|---|---|
| 005 | 20260121124538.0 | ||
| 008 | 008 260114s9999 xx 000 0 eng d | ||
| 020 | _a9780823290277 | ||
| 037 | _aEBOOK | ||
| 040 | _aCRL | ||
| 040 | _beng | ||
| 040 | _cCRL | ||
| 041 | _2eng | ||
| 041 | _aeng | ||
| 084 | _qCRL | ||
| 100 |
_aVandeputte, Tom _9977829 |
||
| 245 | 0 | _aCritique of Journalistic Reason | |
| 260 | _bWalter de Gruyter | ||
| 260 | _bWalter de Gruyter | ||
| 260 | _c2020 | ||
| 650 |
_aPhilosophy _9977830 |
||
| 856 | _uhttp://www.degruyter.com/isbn/9780823290277 | ||
| 942 | _cEBOOK | ||
| 999 |
_c1555395 _d1555395 |
||